Most popular... - Statistics

General Stats
  • This quiz has been taken 22 times
  • The average score is 5 of 15
Answer Stats
Hint Answer % Correct
Colour Blue
76%
Pet Dog
76%
Food Pizza
67%
Board game Chess
48%
Dog breed Labrador
48%
Video game Minecraft
43%
Car Toyota Corolla
38%
Movie Avatar
33%
Band Beatles
33%
Sandwich filling Cheese
33%
Choclate bar Snickers
19%
Brand Amazon
14%
Book The Da Vinci Code
5%
Song Blinding lights
0%
Cat breed Ragdoll
0%
No matching quizzes found
Score Distribution
Percent of People with Each Score
Percentile by Number Answered
Your Score History
You have not taken this quiz